00623 2200217 4500001002100000005001500021035002000036245006100056100002000117250001400137300003600151260004500187082000800232084001400240020001900254600002900273650003600302650002700338504002000365990002000385INLIS00000000000405720230216082147 a0010-02230001941 aKamu Gak Sendiri, Kamu Lagi Terbentuk /cSyahid Muhammad0 aSyahid Muhammad aCet. 9,-- a340 hlm. :bilus. ;c13 x 19 cm aYogyakarta. :bGradien Mediatama,c2022. a813 a813 SYA k a978602208182-1 aPenyunting, Olive Haleem aPenyelaras aksara, Tri Prasetyo adesain sampul, limdmhd aTentang penulis a15886/P/Bl/2023